Where Are They From - City #11 - Statistics

General Stats
  • This quiz has been taken 26 times
  • The average score is 7 of 12
Answer Stats
Hint Answer % Correct
Benjamin Franklin, Edgar Allan Poe, Uma Thurman, Mark Wahlberg Boston
95%
Christopher Columbus, Federico Chiesa, Sabrina Salerno, Niccolò Paganini Genoa
95%
André Villas-Boas, Sara Sampaio, Manoel de Oliveira, Francisco Sá Carneiro Porto
73%
John Leguizamo, Juan Pablo Montoya, Juan Manuel Santos, Natalia Ramírez Bogota
64%
Marco Pierre White, Mel B, James Milner, Matthew Lewis Leeds
59%
Iman Abdulmajid, Mo Farah, K'naan, Rageh Omaar Mogadishu
59%
Karim Benzema, Antoine de Saint-Exupéry, André-Marie Ampère, Clémentine Delauney Lyon
55%
Georg Wilhelm Friedrich Hegel, Jürgen Klopp, Manfred Rommel, Maja Schöne Stuttgart
55%
Tony Fernandes, Iman Afzan, Nurul Izzah Anwar, Nigel Ng Kuala Lumpur
36%
Bill Belichick, Lark Voorhies, Hank Williams III, William Walker Nashville
36%
Milana Vayntrub, Rita Volk, Evangelos Goussis, Rustam Kasimdzhanov Tashkent
36%
Hashim Amla, Tanit Phoenix, Chad le Clos, Adhir Kalyan Durban
27%
No matching quizzes found
Score Distribution
Percent of People with Each Score
Percentile by Number Answered
Your Score History
You have not taken this quiz